10+ Letter answers- Geography - Statistics

General Stats
  • This quiz has been taken 45 times
  • The average score is 5 of 12
Answer Stats
Hint Answer % Correct
Brazil’s official language Portuguese
95%
Most populous Mexican city Mexico City
80%
Country whose Capital is Bishkek Kyrgyzstan
75%
Smallest African country Seychelles
55%
Biggest country without a river Saudi Arabia
53%
Australia’s biggest state Western Australia
53%
The smallest country with an army Vatican City
28%
State with least airports Rhode Island
25%
Country with the most densely populated city. Philippines
23%
Biggest island in Norway Spitsbergen
13%
Smallest inhabited island Just Enough Room Island
3%
Biggest Desert in USA The Great Basin Desert
3%
No matching quizzes found
Score Distribution
Percent of People with Each Score
Percentile by Number Answered
Your Score History
You have not taken this quiz